书目信息 |
| 题名: |
计算机基础
|
|
| 作者: | 赵丽霞 , 王学艳 , 张健 主编 | |
| 分册: | ||
| 出版信息: | 北京 北京理工大学出版社 2020.08 |
|
| 页数: | 295页 | |
| 开本: | 26cm | |
| 丛书名: | 普通高等院校计算机基础教育系列教材 | |
| 单 册: | ||
| 中图分类: | TP3 | |
| 科图分类: | ||
| 主题词: | 电子计算机--dian zi ji suan ji--高等学校--教材 | |
| 电子资源: | ||
| ISBN: | 978-7-5682-8976-4 | |
| 000 | 01253nam 2200289 450 | |
| 001 | CAL 0120203102169 | |
| 005 | 20201106094846. | |
| 010 | @a978-7-5682-8976-4@dCNY48.00 | |
| 100 | @a20201104d2020 em y0chiy0120 ea | |
| 101 | 0 | @achi |
| 102 | @aCN@b110000 | |
| 105 | @aak a 000yy | |
| 106 | @ar | |
| 200 | 1 | @a计算机基础@Aji suan ji ji chu@f主编赵丽霞, 王学艳, 张健 |
| 210 | @a北京@c北京理工大学出版社@d2020.08 | |
| 215 | @a295页@c图@d26cm | |
| 225 | 2 | @a普通高等院校计算机基础教育系列教材@Apu tong gao deng yuan xiao ji suan ji ji chu jiao yu xi lie jiao cai |
| 320 | @a有书目 (第295页) | |
| 330 | @a本书编写以计算机基础应用为主导, 依据当前计算机基础教育和高等院校学生自身特点, 针对应用型人才培养的定位, 深入研究新形式下计算机基础课程教学改革, 整合相关的教学及实验内容, 在内容上注重知识的层次性和实用性, 强化学生计算机基本操作能力的培养, 同时注重培养学生的动手实践能力和创新能力, 能更好地满足教学要求。 | |
| 410 | 0 | @12001 @a普通高等院校计算机基础教育系列教材 |
| 606 | 0 | @a电子计算机@Adian zi ji suan ji@x高等学校@j教材 |
| 690 | @aTP3@v5 | |
| 701 | 0 | @a赵丽霞@Azhao li xia@4主编 |
| 701 | 0 | @a王学艳@Awang xue yan@4主编 |
| 701 | 0 | @a张健@Azhang jian@4主编 |
| 801 | 0 | @aCN@b人天书店@c20201104 |
| 905 | @aTSG@b0000375@dTP3@eZ317@f2 | |
| 计算机基础/主编赵丽霞, 王学艳, 张健.-北京:北京理工大学出版社,2020.08 |
| 295页:图;26cm.-(普通高等院校计算机基础教育系列教材) |
| ISBN 978-7-5682-8976-4:CNY48.00 |
| 本书编写以计算机基础应用为主导, 依据当前计算机基础教育和高等院校学生自身特点, 针对应用型人才培养的定位, 深入研究新形式下计算机基础课程教学改革, 整合相关的教学及实验内容, 在内容上注重知识的层次性和实用性, 强化学生计算机基本操作能力的培养, 同时注重培养学生的动手实践能力和创新能力, 能更好地满足教学要求。 |
| ● |
| 相关链接 |
|
|
|
正题名:计算机基础
索取号:TP3/Z317
 
预约/预借
| 序号 | 登录号 | 条形码 | 馆藏地/架位号 | 状态 | 备注 |
| 1 | 1537394 | 215373940 | 自科库301/301自科库 44排5列4层/ [索取号:TP3/Z317] | 在馆 | |
| 2 | 1537395 | 215373959 | 自科库301/301自科库 44排5列4层/ [索取号:TP3/Z317] | 在馆 |